100 clics - Banlieue d'Angers,Caen,Le Mans,Rennes,St Nazaire,Tours ? - Statistiques

Statistiques générales
  • Ce quiz a été pris 88 fois
  • Le résultat moyen est 45 sur 100
Statistiques - réponses
Hint Réponse % Correct
Saint-Barthélemy-d'Anjou Angers
78%
Verrières-en-Anjou Angers
75%
Chambray-lès-Tours Tours
75%
La Baule-Escoublac Saint-Nazaire
73%
Guérande Saint-Nazaire
73%
Pornichet Saint-Nazaire
71%
Le Croisic Saint-Nazaire
71%
Joué-lès-Tours Tours
71%
Les Ponts-de-Cé Angers
70%
Saint-Brevin-les-Pins Saint-Nazaire
70%
Avrillé Angers
69%
Sargé-lès-le-Mans Le Mans
69%
Batz-sur-Mer Saint-Nazaire
69%
Beaucouzé Angers
68%
Bouchemaine Angers
68%
Chartres-de-Bretagne Rennes
66%
Trélazé Angers
64%
Le Pouliguen Saint-Nazaire
64%
Mûrs-Erigné Angers
62%
Amboise Tours
62%
Bruz Rennes
61%
Cesson-Sévigné Rennes
61%
Cuverville Caen
60%
Giberville Caen
58%
Fleury-sur-Orne Caen
57%
Grentheville Caen
57%
La Plaine-sur-Mer Saint-Nazaire
57%
Les Garennes sur Loire Angers
56%
Grainville-sur-Odon Caen
56%
Hérouville-Saint-Clair Caen
56%
Saint-Michel-Chef-Chef Saint-Nazaire
56%
Écouflant Angers
55%
Sainte-Gemmes-sur-Loire Angers
55%
Bretteville-sur-Odon Caen
55%
Démouville Caen
55%
Biéville-Beuville Caen
53%
Mondeville Caen
53%
Mondrainville Caen
53%
Tourville-sur-Odon Caen
53%
Changé Le Mans
53%
Saint-Grégoire Rennes
53%
Saint-Pierre-des-Corps Tours
52%
Baron-sur-Odon Caen
51%
Ifs Caen
51%
Allonnes Le Mans
49%
Saint-Cyr-sur-Loire Tours
49%
Pacé Rennes
48%
Betton Rennes
47%
Chantepie Rennes
47%
Trignac Saint-Nazaire
47%
Coulaines Le Mans
45%
Arnage Le Mans
44%
Noyal-Châtillon-sur-Seiche Rennes
42%
La Chapelle-des-Fougeretz Rennes
42%
Montlouis-sur-Loire Tours
42%
La Riche Tours
42%
Saint-Jacques-de-la-Lande Rennes
40%
Pont-Péan Rennes
40%
Donges Saint-Nazaire
40%
Teloché Le Mans
39%
Laigné-en-Belin Le Mans
39%
Savigné-l'Évêque Le Mans
38%
Ruaudin Le Mans
38%
Saint-Saturnin Le Mans
38%
Cormelles-le-Royal Caen
35%
Carpiquet Caen
34%
Yvré-l'Évêque Le Mans
34%
Saint-Gervais-en-Belin Le Mans
34%
Saint-Pavace Le Mans
32%
Saint-André-des-Eaux Saint-Nazaire
32%
Mouen Caen
31%
Guécélard Le Mans
31%
Melesse Rennes
31%
Saint-Malo-de-Guersac Saint-Nazaire
31%
Saint-Avertin Tours
31%
Luynes Tours
31%
Rots Caen
30%
Moncé-en-Belin Le Mans
30%
Thorigné-Fouillard Rennes
29%
Montoir-de-Bretagne Saint-Nazaire
29%
Préfailles Saint-Nazaire
29%
Fondettes Tours
29%
Verson Caen
27%
La Chapelle-Saint-Aubin Le Mans
27%
Vezin-le-Coquet Rennes
27%
Saint-Joachim Saint-Nazaire
27%
La Milesse Le Mans
26%
Aigné Le Mans
26%
Montbazon Tours
26%
Colombelles Caen
25%
Épron Caen
25%
Fontaine-Étoupefour Caen
25%
La Ville-aux-Dames Tours
25%
Saint-Germain-la-Blanche-Herbe Caen
21%
Nazelles-Négron Tours
21%
Montgermont Rennes
19%
Ballan-Miré Tours
18%
Notre-Dame-d'Oé Tours
17%
Veigné Tours
16%
Bléré Tours
14%
Aucun quiz correspondant
Distribution des résultats
% des personnes avec chaque résultat
Percentile par nombre de réponses
Votre historique - résultats
Vous n’avez pas pris ce quiz